|
|
|
|
| LEADER |
00000cam a2200000 a 4500 |
| 001 |
vtls001458712 |
| 003 |
SK-MaSNL |
| 005 |
20260405121910.0 |
| 008 |
240226s2002 xo oal frn 000 0 slo |
| 015 |
|
|
|a SNBA2004/01-00574
|
| 020 |
|
|
|a 8088828279
|q (viazané)
|
| 035 |
|
|
|a SNK000414019
|
| 035 |
|
|
|a urn:nbn:sk:snk-am3iwv1
|
| 035 |
|
|
|a 1724D76D-B11B-4C46-9093-FF3CAA10C1A5
|
| 035 |
|
|
|a urn:nbn:sk:snk-am00g3k1
|
| 040 |
|
|
|a SNK
|b slo
|c SNK
|e AACR2
|
| 041 |
0 |
|
|a slo
|
| 044 |
|
|
|a xo
|c SK
|
| 072 |
|
7 |
|a 616
|x Patológia. Klinická medicína
|2 konspekt
|
| 080 |
|
|
|a 616.12‑008.313
|2 2011
|
| 080 |
|
|
|a 616.12-008.318
|2 2011
|
| 080 |
|
|
|a (048.8)
|2 2011
|
| 080 |
|
|
|a 616.12
|2 2011
|
| 100 |
1 |
|
|a Kalist, Peter,
|d 1975-
|4 aut
|9 26038
|
| 245 |
1 |
0 |
|a Fibrilácia predsiení
|b základné fakty
|c Peter Kalist, Jozef Pella
|
| 250 |
|
|
|a 1. vyd.
|
| 260 |
|
|
|a Košice
|b Oriens
|c 2002
|
| 300 |
|
|
|a 63 strán
|b fotografie, ilustrácie, schémy, tabuľky
|c 21 cm
|e viazaná obrazová reklamná príloha
|
| 500 |
|
|
|a Obsahuje zoznam obrázkov, tabuliek a skratiek
|
| 504 |
|
|
|a Bibliografia na strane 58-63
|
| 650 |
0 |
7 |
|a fibrilácia predsiení
|2 SNKPH
|9 92989
|
| 650 |
0 |
7 |
|a srdcová arytmia
|2 SNKPH
|9 67912
|
| 650 |
0 |
7 |
|a choroby srdca
|2 SNKPH
|9 1246
|
| 655 |
|
7 |
|a monografie
|2 SNKPH
|9 70139
|
| 700 |
1 |
|
|a Pella, Jozef,
|d 1951-
|4 aut
|9 1636168
|
| 919 |
|
|
|a 80-88828-27-9
|
| 958 |
|
|
|a TL
|
| 958 |
|
|
|a MI
|
| 958 |
|
|
|a NB
|
| 958 |
|
|
|a OND
|
| 999 |
|
|
|c 643739
|d 645669
|
| 952 |
|
|
|a SNK
|b SNK
|y PREZ
|7 0
|p 17A0393778
|o snkSC 112760
|i snkKSP 10614/2003
|8 0
|z Príloha: viazaná obrazová reklamná príloha
|0 0
|1 0
|4 0
|d 2003-08-20
|f 1
|l 0
|r 2025-10-02 00:00:00
|w 2026-02-23
|
| 952 |
|
|
|a SNK
|b SNK
|y VYP
|7 0
|p 17A0393779
|o snkSC 112760 D1
|i snkKSP 10615/2003
|8 0
|0 0
|1 0
|4 0
|d 2003-08-20
|l 0
|r 2005-01-02 00:00:00
|w 2026-02-23
|